| 000 | 00720nam a2200241 a 4500 | ||
|---|---|---|---|
| 005 | 20210219153254.0 | ||
| 008 | 991125n 000 0 eng u | ||
| 035 | _aUPN01000087791 | ||
| 100 | _aKamphaus, Randy W. | ||
| 222 | _aJOURNAL OF LEARNING DISABILITIES | ||
| 245 | _aMethodological issues and learning disabilities diagnosis in clinical populations | ||
| 300 | _a613-618 | ||
| 362 | _a1991 24, no. 10 | ||
| 653 | 0 | _aDIAGNOSTICO EDUCATIVO | |
| 653 | 0 | _aINDICADORES EDUCATIVOS | |
| 653 | 0 | _aPROBLEMAS DE APRENDIZAJE | |
| 653 | 0 | _aPROBLEMAS DE CONDUCTA | |
| 653 | 0 | _aREGRESSION (STATISTICS) | |
| 700 | _aFrick, Paul J. | ||
| 700 | _aLahey, Benjamin B. | ||
| 904 |
_aAC _b025602 |
||
| 905 | _aArticulo | ||
| 999 |
_c72714 _d72714 |
||